Generációs aggodalmak erdélyi színházainkban
Elmentve itt :
| Szerző: | |
|---|---|
| Adatforrás: | Meister |
| Forrásdokumentuma: | Helikon. - 10 sz., 1994, 2 p. |
| Nyelv: | magyar |
| Kulcsszavak: | teatrológia nemzedékváltás |
| LEADER | 00365nab a2200133 i 4500 | ||
|---|---|---|---|
| 001 | bibPRO00006233 | ||
| 008 | 060524s1994 xx hun | ||
| 040 | |a Sz1 | ||
| 041 | |a hun | ||
| 100 | 1 | |a VAJDA Zsuzsa | |
| 245 | 1 | 0 | |a Generációs aggodalmak erdélyi színházainkban |c VAJDA Zsuzsa |
| 695 | |a teatrológia | ||
| 695 | |a nemzedékváltás | ||
| 773 | 0 | |t Helikon. - |g 10 sz., 1994, 2 p. | |